Die zehn schönsten Häfen des Mittelmeers - Statistiken

Allgemein
  • Dieses Quiz wurde 52 mal gespielt
  • Das Durchschnittsergebnis liegt bei 5 aus 10
Antwortstatistiken
Hint Antwort % Korrekt
GR Athen
86%
SP Barcelona
86%
IT Neapel
66%
IT Rom
66%
TR Istanbul
62%
IT Venedig
60%
HR Dubrovnik
48%
MT Valletta
30%
GR Santorini
0%
F Villefranche sur Mer
0%
Keine übereinstimmenden Quizze gefunden
Verteilung der Resultate
Anzahl Personen mit jedem Resultat
Perzentil nach korrekt beantworteten Fragen
Ihre Resultats-Entwicklung
Sie haben dieses Quiz noch nicht gespielt